O rodině vlastní, nevlastní a náhradní /
Uloženo v:
| Hlavní autor: | |
|---|---|
| Médium: | Kniha |
| Jazyk: | Czech |
| Vydáno: |
Praha :
Portál,
1994
|
| Edice: | Rádci pro rodiče a vychovatele
|
| Témata: | |
| Celkem bylo vypůjčeno: | 26x |
| Tagy: |
Žádné tagy |
| LEADER | 01233nam a2200349 a 4500 | ||
|---|---|---|---|
| 001 | 46308 | ||
| 005 | 20240814134625.0 | ||
| 008 | 000210s1994----xr ---------u-------cze-d | ||
| 015 | |a cnb000087245 | ||
| 020 | |a 80-85282-83-6 : |c 55.00 Kč |q (brož.) | ||
| 040 | |a UOG502 |e AACR2 |9 1 |b cze | ||
| 080 | |a 37.018 | ||
| 080 | |a 173 | ||
| 080 | |a 347.6 | ||
| 100 | 1 | |a Matějček, Zdeněk, |d 1922-2004 |7 jk01080640 |4 aut |9 20268 | |
| 245 | 1 | 0 | |a O rodině vlastní, nevlastní a náhradní / |c Zdeněk Matějček |
| 260 | |a Praha : |b Portál, |c 1994 | ||
| 300 | |a 98 s. | ||
| 490 | 1 | |a Rádci pro rodiče a vychovatele | |
| 650 | 0 | 4 | |a náhradní rodinná péče |7 ph123400 |
| 650 | 0 | 4 | |a rodiče a děti |7 ph116053 |9 1107 |
| 650 | 0 | 4 | |a pěstounská péče |7 ph124858 |
| 650 | 0 | 4 | |a rodinná výchova |7 ph125184 |9 1504 |
| 650 | 0 | 4 | |a adopce |7 ph118259 |
| 650 | 0 | 4 | |a výchova dítěte |7 ph127420 |9 1108 |
| 650 | 0 | 4 | |a populárně-naučné publikace |7 ph114392 |
| 650 | 0 | 4 | |a děti |7 |
| 830 | 0 | |a Rádci pro rodiče a vychovatele | |
| 910 | |a UOG502 | ||
| 999 | |c 46308 |d 46308 | ||
| 942 | 0 | 0 | |0 25 |
| 993 | |0 0 |1 421180009537 |4 0 |6 37_000000000000000 |7 0 |9 27419 |a 55.00 |b 0 |c 9537 |d 2000-02-10 |e 26 |f SKLAD |g 37 |h 55.00 |l SKLAD |m 1 |r 2021-02-15 |s 2020-11-24 |t 5 |w 2017-09-19 |y KN |z NAUCNA | ||